[Event "Moscow Aeroflot op-A"]
[Site "Moscow"]
[Date "2020.02.26"]
[Round "8"]
[White "Sanal, Vahap"]
[Black "Karthik, Venkataraman"]
[Result "1-0"]
[WhiteElo "2569"]
[BlackElo "2483"]
[PlyCount "89"]
[EventDate "2020.02.19"]
[EventType "swiss"]
[EventRounds "9"]
[EventCountry "RUS"]
[SourceTitle "CBM 195"]
[Source "ChessBase"]
[SourceDate "2020.04.30"]
[SourceVersion "1"]
[SourceVersionDate "2020.04.30"]
[SourceQuality "1"]

1. c4 g6 2. Nc3 c5 3. g3 Bg7 4. Bg2 Nc6 5. d3 d6 6. e3 e5 7. Nge2 Nge7 8. O-O
O-O 9. a3 a6 10. Rb1 Rb8 11. b3 b5 12. Bb2 h6 13. Nd5 Kh7 14. Qc2 Be6 15. f4 f5
16. Kh1 Qd7 17. Ba1 Rf7 18. Rbd1 Qc8 19. Rfe1 Ng8 20. fxe5 Nxe5 21. Nef4 Bd7
22. d4 Ng4 23. h3 N4f6 24. dxc5 Qxc5 25. Bd4 Qc8 26. Nb6 Qc7 27. Nxd7 Rxd7 28.
Ne6 Qc8 29. Nxg7 Rxg7 30. Ba1 Qc5 31. e4 bxc4 32. b4 Qb5 33. Rxd6 Rf8 34. exf5
Qxf5 35. Qxc4 Qf2 36. Rf1 Qxg3 37. Rxa6 Rgf7 38. Qc3 Qh4 39. Qd4 Qg3 40. Ra7 g5
41. Qe4+ Kg7 42. Rxf6 Nxf6 43. Bxf6+ Kxf6 44. Ra6+ Kg7 45. Qg6+ 1-0

[Event "Moscow Aeroflot op-A"]
[Site "Moscow"]
[Date "2020.02.26"]
[Round "8"]
[White "Sandipan, Chanda"]
[Black "Zarubitski, Viachaslau"]
[Result "1/2-1/2"]
[WhiteElo "2552"]
[BlackElo "2432"]
[PlyCount "81"]
[EventDate "2020.02.19"]
[EventType "swiss"]
[EventRounds "9"]
[EventCountry "RUS"]
[SourceTitle "CBM 195"]
[Source "ChessBase"]
[SourceDate "2020.04.30"]
[SourceVersion "1"]
[SourceVersionDate "2020.04.30"]
[SourceQuality "1"]

1. d4 d5 2. Nf3 Nf6 3. Bf4 c5 4. e3 e6 5. Nbd2 Nc6 6. c3 Bd6 7. Bg3 O-O 8. Bb5
Be7 9. Qe2 Bd7 10. Bd3 Nh5 11. Ng5 Bxg5 12. Qxh5 g6 13. Qe2 Qe7 14. h4 Bf6 15.
f4 h5 16. Bf2 Bg7 17. dxc5 e5 18. e4 Bg4 19. Nf3 dxe4 20. Bxe4 Rfe8 21. O-O-O
exf4 22. Rhe1 Qe6 23. Qb5 Qxa2 24. Bd5 Qa5 25. Qxa5 Nxa5 26. b4 Nc6 27. b5 Na5
28. Ng5 Bxd1 29. Bxf7+ Kf8 30. Bxe8 Rxe8 31. Rxe8+ Kxe8 32. Kxd1 Nc4 33. Ke2
Kd7 34. Kd3 Nb2+ 35. Ke4 Nd1 36. c6+ bxc6 37. bxc6+ Kxc6 38. Bxa7 Nxc3+ 39.
Kxf4 Nd5+ 40. Kf3 Kd6 41. Bb8+ 1/2-1/2

[Event "Moscow Aeroflot op-A"]
[Site "Moscow"]
[Date "2020.02.26"]
[Round "8"]
[White "Sargsyan, Shant"]
[Black "Artemiev, Vladislav"]
[Result "1/2-1/2"]
[WhiteElo "2594"]
[BlackElo "2728"]
[PlyCount "90"]
[EventDate "2020.02.19"]
[EventType "swiss"]
[EventRounds "9"]
[EventCountry "RUS"]
[SourceTitle "CBM 195"]
[Source "ChessBase"]
[SourceDate "2020.04.30"]
[SourceVersion "1"]
[SourceVersionDate "2020.04.30"]
[SourceQuality "1"]

1. Nf3 Nf6 2. c4 g6 3. Nc3 d5 4. cxd5 Nxd5 5. Qb3 Nb6 6. d4 Bg7 7. e4 O-O 8.
Be3 Bg4 9. Rd1 Bxf3 10. gxf3 e6 11. d5 exd5 12. Nxd5 Nxd5 13. Rxd5 Qf6 14. Bg2
Qxb2 15. Qxb2 Bxb2 16. Rb5 Bc3+ 17. Ke2 b6 18. Rc1 Ba5 19. Bh6 Rd8 20. Rxc7 Na6
21. Rc4 Rdc8 22. Rxc8+ Rxc8 23. Rd5 b5 24. Re5 Nc7 25. Bh3 Re8 26. Rxe8+ Nxe8
27. Be3 Bb6 28. Bxb6 axb6 29. Kd3 Kf8 30. Kc3 Ke7 31. Kb4 Nc7 32. e5 g5 33. Bf5
h6 34. Bc8 f6 35. exf6+ Kxf6 36. Bd7 Nd5+ 37. Kxb5 Nc3+ 38. Kxb6 Nxa2 39. Kc5
Ke5 40. Kc4 Kf4 41. Bg4 Nc1 42. h3 Ne2 43. Kd5 Ng1 44. Ke6 Nxf3 45. Bxf3 Kxf3
1/2-1/2

[Event "Moscow Aeroflot op-A"]
[Site "Moscow"]
[Date "2020.02.26"]
[Round "8"]
[White "Sethuraman, SP."]
[Black "Savchenko, Boris"]
[Result "1-0"]
[WhiteElo "2641"]
[BlackElo "2573"]
[PlyCount "71"]
[EventDate "2020.02.19"]
[EventType "swiss"]
[EventRounds "9"]
[EventCountry "RUS"]
[SourceTitle "CBM 195"]
[Source "ChessBase"]
[SourceDate "2020.04.30"]
[SourceVersion "1"]
[SourceVersionDate "2020.04.30"]
[SourceQuality "1"]

1. e4 e6 2. d4 d5 3. Nc3 Bb4 4. e5 c5 5. a3 Bxc3+ 6. bxc3 Qa5 7. Bd2 Qa4 8. Qg4
g6 9. Nf3 Nc6 10. Be2 c4 11. Ra2 Bd7 12. Qh4 h6 13. O-O b6 14. Bg5 Nce7 15. Rb1
Qa5 16. a4 Nf5 17. Qh3 Bxa4 18. Nd2 Kf8 19. Bf4 g5 20. Bxg5 hxg5 21. Qxh8 Qxc3
22. Nf3 g4 23. Ng5 Nxd4 24. Bxg4 Bxc2 25. Rba1 a5 26. h4 Bb3 27. Ra3 Qd2 28.
Bh5 Ke7 29. Bxf7 Qf4 30. Qh7 Kd7 31. Bxe6+ Kc6 32. Qd7+ Kc5 33. Qxd5+ Kb4 34.
Ra4+ Kc3 35. Ne4+ Kd3 36. Rd1+ 1-0

[Event "Moscow Aeroflot op-A"]
[Site "Moscow"]
[Date "2020.02.26"]
[Round "8"]
[White "Shtembuliak, Evgeny"]
[Black "Sengupta, Deep"]
[Result "1/2-1/2"]
[WhiteElo "2628"]
[BlackElo "2534"]
[PlyCount "118"]
[EventDate "2020.02.19"]
[EventType "swiss"]
[EventRounds "9"]
[EventCountry "RUS"]
[SourceTitle "CBM 195"]
[Source "ChessBase"]
[SourceDate "2020.04.30"]
[SourceVersion "1"]
[SourceVersionDate "2020.04.30"]
[SourceQuality "1"]

1. c4 g6 2. d4 Bg7 3. e4 d6 4. Nc3 Nd7 5. Nge2 e5 6. Be3 Ne7 7. Qd2 a6 8. h4 h6
9. Ng3 Nc6 10. d5 Nd4 11. Nge2 Nxe2 12. Bxe2 h5 13. O-O-O Qe7 14. f3 Nf6 15.
Kb1 Bd7 16. Rc1 Ng8 17. Nd1 Bh6 18. Bxh6 Nxh6 19. c5 dxc5 20. Ne3 Bb5 21. Bd1
a5 22. g4 hxg4 23. fxg4 f6 24. g5 Nf7 25. gxf6 Qxf6 26. Rxc5 Qb6 27. Qc3 O-O-O
28. Bc2 Kb8 29. a4 Ba6 30. Rxa5 Qd4 31. Qb3 Qb6 32. Qc3 Qd4 33. Rc5 Nd6 34. Ng4
Nc4 35. Rxc4 Bxc4 36. Nxe5 Rxh4 37. Qxd4 Rxh1+ 38. Bd1 Bb3 39. Nc6+ Kc8 40.
Na7+ Kb8 41. Nc6+ Kc8 42. Nxd8 Rxd1+ 43. Qxd1 Bxd1 44. Ne6 Bxa4 45. Kc1 b6 46.
Kd2 c6 47. dxc6 Bxc6 48. Ke3 Kd7 49. Nf8+ Kd6 50. Nxg6 Kc5 51. Ne5 Bb5 52. Nf3
Kc4 53. Nd2+ Kc5 54. b3 Ba6 55. e5 Bc8 56. Nf3 Kb4 57. Nd4 Kc3 58. Ke4 Bb7+ 59.
Ke3 Bd5 1/2-1/2

[Event "Moscow Aeroflot op-A"]
[Site "Moscow"]
[Date "2020.02.26"]
[Round "8"]
[White "Sjugirov, Sanan"]
[Black "Paravyan, David"]
[Result "1/2-1/2"]
[WhiteElo "2674"]
[BlackElo "2629"]
[PlyCount "74"]
[EventDate "2020.02.19"]
[EventType "swiss"]
[EventRounds "9"]
[EventCountry "RUS"]
[SourceTitle "CBM 195"]
[Source "ChessBase"]
[SourceDate "2020.04.30"]
[SourceVersion "1"]
[SourceVersionDate "2020.04.30"]
[SourceQuality "1"]

1. e4 e5 2. Nf3 Nc6 3. Bb5 Nf6 4. d3 Bc5 5. c3 O-O 6. O-O d6 7. Bg5 h6 8. Bh4
Bb6 9. Nbd2 g5 10. Bg3 Nh5 11. Nc4 Ne7 12. d4 Nxg3 13. hxg3 c6 14. Ba4 exd4 15.
cxd4 Ng6 16. Bb3 g4 17. Nh2 Kh7 18. Nxb6 Qxb6 19. Nxg4 Bxg4 20. Qxg4 Qxd4 21.
Rad1 Qb4 22. Qf5 Kg7 23. Rfe1 a5 24. e5 dxe5 25. Rxe5 a4 26. Re4 Qb5 27. Qxb5
cxb5 28. Bd5 Rfd8 29. Red4 Rac8 30. Bxb7 Rxd4 31. Rxd4 Rc1+ 32. Kh2 Ne5 33. a3
h5 34. Bf3 Nxf3+ 35. gxf3 Rc2 36. Rb4 Rxf2+ 37. Kh3 Rxf3 1/2-1/2

[Event "Moscow Aeroflot op-A"]
[Site "Moscow"]
[Date "2020.02.26"]
[Round "8"]
[White "Smirin, Ilia"]
[Black "Grigoriants, Sergey"]
[Result "1-0"]
[WhiteElo "2615"]
[BlackElo "2539"]
[PlyCount "143"]
[EventDate "2020.02.19"]
[EventType "swiss"]
[EventRounds "9"]
[EventCountry "RUS"]
[SourceTitle "CBM 195"]
[Source "ChessBase"]
[SourceDate "2020.04.30"]
[SourceVersion "1"]
[SourceVersionDate "2020.04.30"]
[SourceQuality "1"]

1. e4 e5 2. Nf3 Nc6 3. Bb5 a6 4. Ba4 Nf6 5. O-O b5 6. Bb3 Bc5 7. c3 d6 8. a4
Rb8 9. d4 Bb6 10. a5 Ba7 11. h3 O-O 12. Re1 Re8 13. Ng5 Rf8 14. Be3 Ra8 15. Nf3
Re8 16. Nbd2 Bb7 17. Bc2 h6 18. d5 Ne7 19. c4 c6 20. b4 Bxe3 21. Rxe3 bxc4 22.
dxc6 Nxc6 23. Nxc4 d5 24. Nb6 d4 25. Rb3 Rb8 26. Bd3 Na7 27. Nd2 Nb5 28. Bxb5
axb5 29. Qe2 Bc6 30. Rc1 Re6 31. Rc5 Qe7 32. Rb1 Qb7 33. Rbc1 Rd8 34. Kh2 Rdd6
35. f3 Kh7 36. g4 Ng8 37. Nd5 Ne7 38. Qd3 Kg8 39. a6 Qa7 40. Nxe7+ Qxe7 41. Nb3
Be8 42. Rc7 Qh4 43. a7 Qf2+ 44. Kh1 Ra6 45. Qf1 Qb2 46. Rb1 Qa2 47. Nc5 Rxa7
48. Rxa7 Qxa7 49. Nxe6 fxe6 50. Ra1 Qe7 51. Qc1 Qxb4 52. Qc8 Kf7 53. Qc7+ Kf6
54. h4 Bf7 55. h5 Qe7 56. Qb8 Qe8 57. Qb6 Bxh5 58. gxh5 Qxh5+ 59. Kg2 Qg5+ 60.
Kf1 Qe3 61. Qd8+ Kg6 62. Qe8+ Kh7 63. Qf7 d3 64. Re1 Qd4 65. Qxe6 d2 66. Rd1
Qe3 67. Qf5+ Kh8 68. Qh3 Qd3+ 69. Kf2 b4 70. Qc8+ Kh7 71. Qf5+ Kh8 72. Qxe5 1-0

[Event "Moscow Aeroflot op-A"]
[Site "Moscow"]
[Date "2020.02.26"]
[Round "8"]
[White "Sreeshwan, Maralakshikari"]
[Black "Shubin, Kirill"]
[Result "0-1"]
[WhiteElo "2440"]
[BlackElo "2427"]
[PlyCount "64"]
[EventDate "2020.02.19"]
[EventType "swiss"]
[EventRounds "9"]
[EventCountry "RUS"]
[SourceTitle "CBM 195"]
[Source "ChessBase"]
[SourceDate "2020.04.30"]
[SourceVersion "1"]
[SourceVersionDate "2020.04.30"]
[SourceQuality "1"]

1. d4 e6 2. c4 Nf6 3. Nc3 Bb4 4. e3 O-O 5. Bd3 d5 6. Nf3 dxc4 7. Bxc4 Nc6 8.
O-O Bd6 9. e4 e5 10. d5 Ne7 11. Bg5 Ng6 12. h3 h6 13. Be3 a6 14. a3 b5 15. Ba2
Bd7 16. Qc2 Nh5 17. Rac1 f5 18. exf5 Bxf5 19. Ne4 Nhf4 20. Rfe1 Nxg2 21. Kxg2
Nh4+ 22. Nxh4 Qxh4 23. Bb1 Qxh3+ 24. Kg1 Qf3 25. Kh2 Rf6 26. Nxf6+ gxf6 27. Qc6
e4+ 28. Kg1 Bh3 29. Qxa8+ Kf7 30. Rxc7+ Bxc7 31. Bxe4 Qg4+ 32. Kh1 Qxe4+ 0-1

[Event "Moscow Aeroflot op-A"]
[Site "Moscow"]
[Date "2020.02.26"]
[Round "8"]
[White "Svane, Rasmus"]
[Black "Sarana, Alexey"]
[Result "1/2-1/2"]
[WhiteElo "2608"]
[BlackElo "2656"]
[PlyCount "33"]
[EventDate "2020.02.19"]
[EventType "swiss"]
[EventRounds "9"]
[EventCountry "RUS"]
[SourceTitle "CBM 195"]
[Source "ChessBase"]
[SourceDate "2020.04.30"]
[SourceVersion "1"]
[SourceVersionDate "2020.04.30"]
[SourceQuality "1"]

1. Nf3 d5 2. g3 g6 3. Bg2 Bg7 4. d4 Nf6 5. O-O c6 6. c4 dxc4 7. a4 Ne4 8. Qc2
Nd6 9. e4 a5 10. Na3 Na6 11. Qe2 Bg4 12. Rd1 Nb4 13. Bd2 O-O 14. Bc3 Qc7 15. h3
Bxf3 16. Bxf3 e6 17. Nxc4 1/2-1/2

[Event "Moscow Aeroflot op-A"]
[Site "Moscow"]
[Date "2020.02.26"]
[Round "8"]
[White "Sychev, Klementy"]
[Black "Kovalev, Vladislav"]
[Result "1/2-1/2"]
[WhiteElo "2563"]
[BlackElo "2650"]
[PlyCount "156"]
[EventDate "2020.02.19"]
[EventType "swiss"]
[EventRounds "9"]
[EventCountry "RUS"]
[SourceTitle "CBM 195"]
[Source "ChessBase"]
[SourceDate "2020.04.30"]
[SourceVersion "1"]
[SourceVersionDate "2020.04.30"]
[SourceQuality "1"]

1. d4 Nf6 2. c4 e6 3. Nf3 d5 4. g3 Be7 5. Bg2 O-O 6. O-O dxc4 7. Ne5 c5 8. dxc5
Qc7 9. Nxc4 Rd8 10. Qb3 Nc6 11. Be3 Nd4 12. Bxd4 Rxd4 13. Nbd2 Bxc5 14. Rac1
Rd8 15. Qf3 Rb8 16. Nb3 Bf8 17. Qe3 Ra8 18. Qe5 Qxe5 19. Nxe5 Rb8 20. Rfd1 Be7
21. Na5 Kf8 22. a3 Ke8 23. b4 Nd5 24. Rd3 Nb6 25. Kf1 f6 26. Rxd8+ Bxd8 27. Nd3
Nd7 28. Bf3 Ke7 29. h4 Bb6 30. Rc2 Bd8 31. Ke1 Bb6 32. g4 h6 33. h5 Kd8 34. Nb3
Ke7 35. Be4 Kd8 36. a4 a6 37. e3 Bc7 38. Nd4 Nf8 39. Nc5 Bd6 40. a5 Ke8 41. b5
axb5 42. Nxb5 Be7 43. Ke2 f5 44. gxf5 exf5 45. Bd5 Kd8 46. f4 Bxc5 47. Rxc5 Nd7
48. Rc1 Nf6 49. Bf3 Ne4 50. Nd4 Ra8 51. Bxe4 fxe4 52. Rc5 Ke7 53. Kf2 Kf6 54.
Kg3 Bd7 55. Rd5 Be8 56. Rf5+ Ke7 57. Re5+ Kf6 58. Nb3 Bc6 59. Nc5 Kf7 60. Nb3
Kf6 61. Rc5 Rd8 62. a6 Ra8 63. axb7 Bxb7 64. Na5 Ba6 65. Rc6+ Kf7 66. Nc4 Kg8
67. Rc7 Rd8 68. Ne5 Be2 69. Nc6 Rd1 70. Ne7+ Kh8 71. Ng6+ Kh7 72. Nf8+ Kh8 73.
f5 Bxh5 74. Rc8 g5 75. fxg6 Kg7 76. Ne6+ Kf6 77. g7 Bf7 78. Rc6 Bxe6 1/2-1/2

[Event "Moscow Aeroflot op-A"]
[Site "Moscow"]
[Date "2020.02.26"]
[Round "8"]
[White "Vaibhav, Suri"]
[Black "Sargissian, Gabriel"]
[Result "1/2-1/2"]
[WhiteElo "2591"]
[BlackElo "2689"]
[PlyCount "27"]
[EventDate "2020.02.19"]
[EventType "swiss"]
[EventRounds "9"]
[EventCountry "RUS"]
[SourceTitle "CBM 195"]
[Source "ChessBase"]
[SourceDate "2020.04.30"]
[SourceVersion "1"]
[SourceVersionDate "2020.04.30"]
[SourceQuality "1"]

1. e4 e5 2. Nf3 Nc6 3. Bb5 Nf6 4. O-O Nxe4 5. Re1 Nd6 6. Nxe5 Be7 7. Bf1 Nf5 8.
Nf3 d5 9. d4 O-O 10. Nc3 Bb4 11. h3 Nce7 12. a3 Ba5 13. b4 Bb6 14. Na4 1/2-1/2

[Event "Moscow Aeroflot op-A"]
[Site "Moscow"]
[Date "2020.02.26"]
[Round "8"]
[White "Visakh, NR."]
[Black "Chigaev, Maksim"]
[Result "0-1"]
[WhiteElo "2518"]
[BlackElo "2616"]
[PlyCount "86"]
[EventDate "2020.02.19"]
[EventType "swiss"]
[EventRounds "9"]
[EventCountry "RUS"]
[SourceTitle "CBM 195"]
[Source "ChessBase"]
[SourceDate "2020.04.30"]
[SourceVersion "1"]
[SourceVersionDate "2020.04.30"]
[SourceQuality "1"]

1. e4 d5 2. exd5 Qxd5 3. Nc3 Qa5 4. d4 Nf6 5. Nf3 c6 6. h3 Bf5 7. Bc4 e6 8. Bd2
Qc7 9. Nh4 Bg6 10. Nxg6 hxg6 11. O-O Nbd7 12. Qf3 Bd6 13. Rfd1 Rh5 14. g4 Rh7
15. Bf1 Nb6 16. Bg5 Be7 17. Bf4 Bd6 18. Bg5 O-O-O 19. a4 a5 20. Ne4 Nxe4 21.
Bxd8 Qxd8 22. Qxe4 Nd5 23. Rd3 Bc7 24. Re1 Qd6 25. Bg2 Rh8 26. c4 Nf4 27. Rf3
g5 28. d5 cxd5 29. cxd5 e5 30. Qf5+ Kb8 31. Qxf7 Qb4 32. Rc3 Bb6 33. d6 Bxf2+
34. Kf1 Nxg2 35. Qc7+ Ka8 36. Kxf2 Nxe1 37. Kxe1 Rf8 38. Qc5 Qe4+ 39. Kd2 Qg2+
40. Kd3 Rf3+ 41. Kc4 Rf4+ 42. Kd3 e4+ 43. Kc4 e3+ 0-1

[Event "Moscow Aeroflot op-A"]
[Site "Moscow"]
[Date "2020.02.26"]
[Round "8"]
[White "Wagner, Dennis"]
[Black "Murzin, Volodar"]
[Result "1/2-1/2"]
[WhiteElo "2590"]
[BlackElo "2442"]
[PlyCount "119"]
[EventDate "2020.02.19"]
[EventType "swiss"]
[EventRounds "9"]
[EventCountry "RUS"]
[SourceTitle "CBM 195"]
[Source "ChessBase"]
[SourceDate "2020.04.30"]
[SourceVersion "1"]
[SourceVersionDate "2020.04.30"]
[SourceQuality "1"]

1. c4 e6 2. g3 d5 3. Bg2 a6 4. b3 Nf6 5. Nf3 Be7 6. Bb2 O-O 7. O-O Nbd7 8. Nc3
dxc4 9. bxc4 c5 10. d3 Qc7 11. Nd2 Rb8 12. a4 b6 13. Qc2 Bb7 14. Bxb7 Rxb7 15.
Rfb1 Nb8 16. Qd1 Nc6 17. Qf1 Ne8 18. Qg2 Nd6 19. Rc1 Nf5 20. Rab1 Nfd4 21. Kf1
Rd8 22. Nf3 Nxf3 23. Qxf3 Nd4 24. Qg2 Rbb8 25. Rd1 Qd7 26. Bc1 Bd6 27. Bg5 f6
28. Bd2 Bc7 29. Rb2 Nc6 30. f4 Nb4 31. Qf3 Re8 32. Be3 a5 33. Rbd2 e5 34. f5 g6
35. g4 gxf5 36. Qxf5 Qxf5+ 37. gxf5 Kf7 38. Kf2 Rg8 39. Rb2 Rg4 40. h3 Rgg8 41.
Rbb1 Bd6 42. Bd2 Rb7 43. Rg1 Rxg1 44. Rxg1 Bf8 45. Rb1 Rd7 46. Be3 Rb7 47. Nd5
Bd6 48. Kf3 Nxd5 49. cxd5 Ke8 50. Bd2 Rb8 51. Ke4 Kd7 52. Rg1 Re8 53. Bh6 Be7
54. Rb1 Bd8 55. Kf3 Rg8 56. e4 Kd6 57. Be3 Kc7 58. Rb2 Be7 59. Bf2 Kb7 60. Rb1
1/2-1/2

[Event "Moscow Aeroflot op-A"]
[Site "Moscow"]
[Date "2020.02.27"]
[Round "9"]
[White "Mendonca, Leon Luke"]
[Black "Lazavik, Denis"]
[Result "1/2-1/2"]
[WhiteElo "2418"]
[BlackElo "2428"]
[PlyCount "91"]
[EventDate "2020.02.19"]
[EventType "swiss"]
[EventRounds "9"]
[EventCountry "RUS"]
[SourceTitle "CBM 195"]
[Source "ChessBase"]
[SourceDate "2020.04.30"]
[SourceVersion "1"]
[SourceVersionDate "2020.04.30"]
[SourceQuality "1"]

1. d4 d5 2. c4 c6 3. Nc3 Nf6 4. e3 g6 5. Nf3 Bg7 6. h3 O-O 7. Bd3 c5 8. O-O
cxd4 9. exd4 Be6 10. Ng5 Bc8 11. Nf3 Be6 12. Ng5 Bc8 13. Nf3 Be6 14. c5 Nc6 15.
a3 Bf5 16. Bxf5 gxf5 17. b4 Ne4 18. Qd3 e6 19. Bf4 Ne7 20. Bh2 Ng6 21. Ne2 Kh8
22. Ne5 Bxe5 23. dxe5 Qg5 24. f3 Nh4 25. g4 fxg4 26. hxg4 f5 27. exf6 Nxf6 28.
Nf4 Rae8 29. Rae1 e5 30. Nxd5 e4 31. fxe4 Nxd5 32. exd5 Qxg4+ 33. Bg3 Rxe1 34.
Qc3+ Kg8 35. Qxe1 Nf3+ 36. Rxf3 Rxf3 37. Kg2 Rf8 38. Qe3 Qf5 39. d6 Qc2+ 40.
Kh3 Qf5+ 41. Kg2 Qd5+ 42. Kh2 Rf5 43. Qe8+ Kg7 44. Qe7+ Qf7 45. Qe4 Qd5 46.
Qe7+ 1/2-1/2